000 01609nam a22003855i 4500
003 EG-ScBUE
005 20250529090552.0
008 150827t1970 nyua f b 001 0 eng d
020 _a0070991367
020 _a9780070991361
040 _aEG-ScBUE
_beng
_erda
_cEG-ScBUE
_dEG-ScBUE
082 0 4 _a512.89
_bMEN
_222
100 1 _aMendelson, Elliott,
_eauthor.
245 1 0 _aSchaum’s outline of theory and problems of boolean algebra and switching circuits /
_cby Elliott Mendelson, Ph.D., professor of mathematics, Queen College, City University of New York.
246 3 0 _aTheory and problems of boolean algebra and switching circuits
246 3 0 _aBoolean algebra and switching circuits
246 3 0 _aBoolean algebra
250 _aInternational edition.
264 1 _aNew York :
_bMcGraw-Hill Book Company,
_c[1970]
264 4 _cc1970
300 _a213 pages :
_billustrations ;
_c28 cm.
336 _2rdacontent
_atext
_btxt
337 _aunmediated
_2rdamedia
_bn
338 _avolume
_bnc
_2rdacarrier
490 0 _aSchaum's outline series
504 _aIncludes bibliographical references and index.
650 7 _aAlgebra, Boolean
_xOutlines, syllabi, etc.
_2BUEsh
650 7 _aSwitching theory
_xOutlines, syllabi, etc.
_2BUEsh
655 _vReading book
740 _aTheory and problems of Boolean algebra and switching circuits.
740 _aBoolean algebra and switching circuits.
856 4 2 _3Publisher description
_uhttp://www.loc.gov/catdir/description/mh031/79129489.html
856 4 2 _3Table of contents
_uhttp://www.loc.gov/catdir/toc/mh021/79129489.html
942 _cNB
_2ddc
999 _c9760
_d9760